Statistics for Top 10 Highest Paid Athletes

Click here to take the quiz!

General Stats

  • This quiz has been taken 53 times
  • The average score is 6 of 10

Answer Stats

SportPerson% Correct
GolfTiger Woods
96%
SoccerLionel Messi
87%
BasketballLeBron James
85%
TennisRoger Federer
77%
BasketballKobe Bryant
64%
SoccerCristiano Ronaldo
62%
SoccerDavid Beckham
40%
GolfPhil Mickelson
38%
FootballAaron Rodgers
19%
FootballDrew Brees
17%

Score Distribution

Percentile by Number Answered

Percent of People with Each Score

Your Score History

You have not taken this quiz